000
00488nam a2200181Ia 4500
008
090123s9999 xx 000 0 und d
082
_b
1537
100
_a
नंदा गुलशन
245
_a
देवछाया
250
_a
8
260
_b
प्रसाद प्रेस
300
_a
178
600
_a
नंदा गुलशन
630
_a
देवछाया
700
_a
नंदा गुलशन
730
_a
देवछाया
942
_c
BOOK
999
_c
39619
_d
39619